Countries Described By A Five-Year Old - Statistics

General Stats
  • This quiz has been taken 95 times
  • The average score is 7 of 12
Answer Stats
Hint Answer % Correct
I think they're in Texas and they have tacos because Texas has tacos Mexico
94%
The people are short and the buildings are tall. They have a lot of kangaroos that jump super high! *starts jumping* Australia
93%
They speak Chinese and they eat _____ food that doesn't taste good. China
93%
I don't live in the ______ _____, I live in Texas! United States
93%
It's like Minecraft because it's in the Nether. Are the people there mean? Netherlands
74%
Kw-krg-gwy...I can't read this word! Kyrgyzstan
68%
It has so many waffles and the flag has three stripes, but it's super far away in.. *struggles to pronounce Europe* Germany
64%
The capital is like the same name as the place we go to eat every time. Wait, why is it called 'south'? South Korea
59%
I think it's super hot over there. And it's even taller than my dad! Chile
26%
It looks like a sword and it's in the middle of a big lake Cyprus
15%
It's really big so it has a lot of buildings, and it's below the super big lake Algeria
11%
The flag is super ugly and the name is too weird Eswatini
2%
No matching quizzes found
Score Distribution
Percent of People with Each Score
Percentile by Number Answered
Your Score History
You have not taken this quiz